| 000 | 00682nam a2200253Ia 4500 | ||
|---|---|---|---|
| 001 | 14946 | ||
| 005 | 20240113235600.0 | ||
| 007 | ta | ||
| 008 | 051130s1913 a g b000 u 465 u | ||
| 040 | _aCotton College,Assam | ||
| 041 | _a465 | ||
| 082 |
_a513.21 _bH 653 Sq |
||
| 100 | _aHobson, E.W.. | ||
| 245 | 0 |
_aSquaring the Circle: A History of the Problem / _cE.W.Hobson. _hTextual Documents |
|
| 250 | _a1st ed. / | ||
| 260 |
_aCambridge : _bAt The University Press , _c1913. |
||
| 300 |
_a57p. : _bill ; _c21cm . |
||
| 653 | _aCircle | ||
| 653 | _aSquaring Circle | ||
| 653 | _aG-Mathematics | ||
| 942 |
_2ddc _cBK |
||
| 999 |
_c14932 _d14932 |
||